MARC

LEADER 00000nam0a2200000 4500
001 91344
005 20231031104017.0
035 |a (RuTPU)RU\TPU\book\97930 
090 |a 91344 
100 |a 20060222d1951 km y0rusy50 ca 
101 0 |a rus 
102 |a RU 
105 |a a z 001zy 
200 1 |a Вентиляция машиностроительных заводов  |f В. В. Батурин, В. В. Кучерук 
210 |a Москва  |c Машгиз  |d 1951 
215 |a 392 с.  |c ил. 
320 |a Библиогр.: с. 388-390. 
610 1 |a вентиляция 
610 1 |a вентиляционное оборудование 
610 1 |a заводы 
610 1 |a машиностроительные заводы 
610 1 |a вредные воздействия 
610 1 |a сварочные цеха 
610 1 |a механические цеха 
610 1 |a очистка 
610 1 |a проектирование 
675 |a 628.8  |v 3 
700 1 |a Батурин  |b В. В. 
701 1 |a Кучерук  |b В. В. 
801 1 |a RU  |b 63413507  |c 20060222  |g PSBO 
801 2 |a RU  |b 63413507  |c 20060506  |g PSBO 
942 |c BK